00983 2200325 4500001002100000005001500021035002000036007000300056008004100059020002200100040002200122082001500144084001700159090002100176090002100197100002800218245011200246250003000358300002800388650002200416700003800438850001200476041000800488264004500496336002100541337003000562338002300592999002100615990002100636INLIS00000000084989820190729100007 a0010-0719000899ta190729t2019 yoi g p ind d a978-623-7084-36-0 aYOPDYOGbinderda04223a808.81 a808.81 FAH b aDEP 808.81 FAH b aCB-D.11 2019-9840 aFahrul Tanjungepenulis10aBumi pertiwi :bkumpulan sajak Fahrul Tanjung /cpenulis, Fahrul Tanjung; editor, Annisa Robbiatun Tammimah aCetakan pertama, Mei 2019 avi, 61 halaman ;c21 cm 4aPuisi--xKumpulan aAnnisa Robbiatun Tammimaheeditor aYOPDYOG0 aind31aYogyakarta :bLembaga Ladang Kata,c2019 2rdacontentateks 2rdamediaatanpa perantara 2rdacarrieravolume aCB-D.11/2019-984 aCB-D.11/2019-984